Oravský zámok Oravský zámok (13.-18. stor.) : exponáty Oravského múzea : hotel Odboj

Podrobná bibliografia
Ďalší autori: Belický, Karol, 1937-2016 (Fotograf), Paul, Petr, 1945- (Fotograf)
Médium: Fotografia
Jazyk:slovenčina
Fyzický popis:1 pohľadnica (7 čiastkových pohľadov) fareb. 15 x 11 cm
Vydavateľské údaje: Bratislava Pravda [1980]
Predmet:

MARC

LEADER 00000nkm a2200000 a 4500
001 vtls010440512
003 SK-MaSNL
005 20260331205551.0
007 kf co
008 231206s1980 xo kuslo
035 |a 6D25D194-920F-4977-8849-87D327C56B85 
035 |a urn:nbn:sk:snk-kmxvw3 
035 |a urn:nbn:sk:snk-km004azx 
040 |a SNK  |b slo  |c SNK  |e AACR2 
041 0 |a slo 
043 |a e-xo--- 
044 |a xo  |c SK 
080 |a 728.81  |2 2001 
080 |a (437.6)  |2 2001 
080 |a (089.7)904  |2 2001 
100 1 |a Belický, Karol,  |d 1937-2016  |4 pht  |9 122693 
245 1 0 |a Oravský zámok  |h grafika  |b Oravský zámok (13.-18. stor.) : exponáty Oravského múzea : hotel Odboj  |c foto Karol Belický, Petr Paul 
260 |a Bratislava  |b Pravda  |c [1980] 
300 |a 1 pohľadnica (7 čiastkových pohľadov)  |b fareb.  |c 15 x 11 cm 
610 2 7 |a Oravský hrad (Oravský Podzámok, Slovensko)  |2 SNKKA  |9 32353 
650 0 7 |a hrady  |2 SNKPH  |9 3039 
651 7 |a Oravský Podzámok (Slovensko)  |2 SNKPH  |9 36830 
655 7 |a pohľadnice kultúrnych pamiatok  |2 SNKPH  |9 70523 
700 1 |a Paul, Petr,  |d 1945-  |4 pht  |9 181505 
852 |a Slovenská národná knižnica 
958 |a GC 
958 |a GBN 
958 |a OND 
999 |c 1095359  |d 1097289 
952 |a SNK  |b SNK  |y PREZ  |7 0  |p 17A1032765  |o snkSP 152082  |i snk2012/15550  |8 3  |g 0.50  |0 0  |1 0  |4 0  |d 2012-08-06  |f 1  |l 0  |r 2026-02-24 17:11:43  |w 2026-02-24